American General Knowledge by Letter - B - Statistics

General Stats
  • This quiz has been taken 57 times
  • The average score is 9 of 17
Answer Stats
Hint Answer % Correct
Biggest city in New England of which is surrounded by many prestigious universities Boston
87%
Another borough of New York City, notably the most dangerous The Bronx
85%
Borough of New York City known for good pizza Brooklyn
81%
The capital and largest city of Idaho Boise
77%
City in Colorado named after a type of rock Boulder
70%
Largest city in Alabama Birmingham
68%
Large forest in which Mount Rushmore can be found (Hint: ______ Hills) Black
64%
City where chicken wings were invented Buffalo
64%
Tourist town in southern Missouri known as the “Live Entertainment Capital of the World” Branson
47%
3rd tallest mountain peak in Washington Mount Baker
47%
Coastal town in Mississippi known for its beach and casinos Biloxi
45%
Largest city in Vermont sharing its name with a department store company Burlington
45%
National park in South Dakota Badlands
40%
City in central California mostly known for its oil production and agriculture Bakersfield
40%
City in Oregon home to the last operating Blockbuster movie store Bend
36%
Largest island of the Hawaiian archipelago Big Island
36%
The lowest point of the United States at 282 ft (86 m) below sea level Badwater Basin
9%
No matching quizzes found
Score Distribution
Percent of People with Each Score
Percentile by Number Answered
Your Score History
You have not taken this quiz